Petrohradské novely (Record no. 20540)
[ view plain ]
| 000 -LEADER | |
|---|---|
| fixed length control field | 02286cam a2200589 a 4500 |
| 001 - CONTROL NUMBER | |
| control field | 20540 |
| 003 - CONTROL NUMBER IDENTIFIER | |
| control field | VRT |
| 005 - DATE AND TIME OF LATEST TRANSACTION | |
| control field | 20260126110258.0 |
| 008 - FIXED-LENGTH DATA ELEMENTS--GENERAL INFORMATION | |
| fixed length control field | 230403s1950 xo a g 000 jdslo |
| 015 ## - NATIONAL BIBLIOGRAPHY NUMBER | |
| National bibliography number | SNBA19451955-003068 |
| 035 ## - SYSTEM CONTROL NUMBER | |
| System control number | SK01SNKBKSFS20020064126 |
| 035 ## - SYSTEM CONTROL NUMBER | |
| System control number | urn:nbn:sk:snk-am3i20a |
| 035 ## - SYSTEM CONTROL NUMBER | |
| System control number | CC21D17C-CF2A-4AB6-9B62-C0B3009A3F90 |
| 035 ## - SYSTEM CONTROL NUMBER | |
| System control number | urn:nbn:sk:snk-am00dh2g |
| 035 ## - SYSTEM CONTROL NUMBER | |
| System control number | SKM000066589 |
| 039 #9 - LEVEL OF BIBLIOGRAPHIC CONTROL AND CODING DETAIL [OBSOLETE] | |
| Level of rules in bibliographic description | 202401182209 |
| Level of effort used to assign nonsubject heading access points | AUTHORITY |
| Level of effort used to assign subject headings | 202304032043 |
| Level of effort used to assign classification | VLOAD |
| Level of effort used to assign subject headings | 202212050953 |
| Level of effort used to assign classification | VLOAD |
| Level of effort used to assign subject headings | 202205120823 |
| Level of effort used to assign classification | VLOAD |
| 040 ## - CATALOGING SOURCE | |
| Original cataloging agency | SNK |
| Language of cataloging | slo |
| Transcribing agency | SNK |
| Description conventions | AACR2 |
| 041 1# - LANGUAGE CODE | |
| Language code of text/sound track or separate title | slo |
| Language code of original | rus |
| 044 ## - COUNTRY OF PUBLISHING/PRODUCING ENTITY CODE | |
| MARC country code | xo |
| ISO country code | SK |
| 080 ## - UNIVERSAL DECIMAL CLASSIFICATION NUMBER | |
| Universal Decimal Classification number | 821.161.1-32 |
| Edition identifier | 2011 |
| 080 ## - UNIVERSAL DECIMAL CLASSIFICATION NUMBER | |
| Universal Decimal Classification number | 821.161.1-32=162.4 |
| Edition identifier | 2011 |
| 100 1# - MAIN ENTRY--PERSONAL NAME | |
| Personal name | Gogoľ, Nikolaj Vasilievič, |
| Dates associated with a name | 1809-1852 |
| Relationship | aut |
| 245 10 - TITLE STATEMENT | |
| Title | Petrohradské novely |
| Statement of responsibility, etc. | Nikolaj Vasiľjevič Gogoľ ; preložil kolektív Ruského seminára v Bratislave: A. Isačenko, V. Lapárová, M. Neumannová, E. Páliková, V. Petrová, M. Strengerová, E. Turčány ; doslov napísal A. Isačenko ; ilustrácie Michail Romberg |
| 260 ## - PUBLICATION, DISTRIBUTION, ETC. | |
| Place of publication, distribution, etc. | Bratislava |
| Name of publisher, distributor, etc. | Slovenský spisovateľ |
| Date of publication, distribution, etc. | 1950 |
| Place of manufacture | Bratislava |
| Manufacturer | Pravda |
| 300 ## - PHYSICAL DESCRIPTION | |
| Extent | 268, [4] s. |
| Other physical details | [9] obr. príl. |
| Dimensions | 21 cm |
| 366 ## - TRADE AVAILABILITY INFORMATION | |
| Note | 5 000 výt. |
| 490 1# - SERIES STATEMENT | |
| Series statement | Komorná knižnica Elánu |
| Volume/sequential designation | sv. 26 |
| 500 ## - GENERAL NOTE | |
| General note | Frontispice |
| 504 ## - BIBLIOGRAPHY, ETC. NOTE | |
| Bibliography, etc. note | Bibliogr. poznámka |
| 655 #7 - INDEX TERM--GENRE/FORM | |
| Genre/form data or focus term | ruské novely |
| Source of term | SNKPH |
| 700 1# - ADDED ENTRY--PERSONAL NAME | |
| Personal name | Isačenko, Aleksandr Vasilievič, |
| Dates associated with a name | 1911-1978 |
| Relationship | trl |
| -- | aft |
| 700 1# - ADDED ENTRY--PERSONAL NAME | |
| Personal name | Dorotjaková, Viktória, |
| Dates associated with a name | 1927-1999 |
| Relationship | trl |
| 700 1# - ADDED ENTRY--PERSONAL NAME | |
| Personal name | Neumannová, Mária |
| Relationship | trl |
| 700 1# - ADDED ENTRY--PERSONAL NAME | |
| Personal name | Páliková, V. |
| Relationship | trl |
| 700 1# - ADDED ENTRY--PERSONAL NAME | |
| Personal name | Marušiaková, Viera, |
| Dates associated with a name | 1923-2016 |
| Relationship | trl |
| 700 1# - ADDED ENTRY--PERSONAL NAME | |
| Personal name | Strengerová, M. |
| Relationship | trl |
| 700 1# - ADDED ENTRY--PERSONAL NAME | |
| Personal name | Turčány, Eliška |
| Relationship | trl |
| 700 1# - ADDED ENTRY--PERSONAL NAME | |
| Personal name | Romberg, Michal, |
| Dates associated with a name | 1918-1982 |
| Relationship | ill |
| 740 02 - ADDED ENTRY--UNCONTROLLED RELATED/ANALYTICAL TITLE | |
| Uncontrolled related/analytical title | Nevský prospekt |
| 740 02 - ADDED ENTRY--UNCONTROLLED RELATED/ANALYTICAL TITLE | |
| Uncontrolled related/analytical title | Zápisky choromyseľného |
| 740 02 - ADDED ENTRY--UNCONTROLLED RELATED/ANALYTICAL TITLE | |
| Uncontrolled related/analytical title | Kepeň |
| 740 02 - ADDED ENTRY--UNCONTROLLED RELATED/ANALYTICAL TITLE | |
| Uncontrolled related/analytical title | Nos |
| 830 #0 - SERIES ADDED ENTRY--UNIFORM TITLE | |
| Uniform title | Komorná knižnica Elánu |
| 910 ## - USER-OPTION DATA (OCLC) | |
| User-option data | snk |
| 942 ## - ADDED ENTRY ELEMENTS (KOHA) | |
| Source of classification or shelving scheme | Dewey Decimal Classification |
| Koha item type | Krásna literatúra pre dospelých |
| Suppress in OPAC | No |
| 949 ## - LOCAL PROCESSING INFORMATION (OCLC) | |
| 6 | 17A1547236 |
| a | snkSC 3057/26 D1 |
| b | snkF 4322/63 |
| 949 ## - LOCAL PROCESSING INFORMATION (OCLC) | |
| 6 | 3830001004180 |
| a | kurukT13/GOGO1-1 |
| 949 ## - LOCAL PROCESSING INFORMATION (OCLC) | |
| 6 | 17A0309902 |
| a | snkSC 3057/26 |
| b | snk3237/51 |
| o | VIII. 4872/51 druhé ev.č. |
| s | 6100:20180813 |
| 949 ## - LOCAL PROCESSING INFORMATION (OCLC) | |
| 6 | 273K0339146 |
| a | svkpoA 22167 |
| b | svkpo52406 |
| 949 ## - LOCAL PROCESSING INFORMATION (OCLC) | |
| 6 | 270001000525162 |
| a | svkbbS 13551 |
| b | svkbbm 2307 |
| Stav vyradenia | Strata | Poškodenie | Spôsob nadobudnutia | Domovská knižnica | Aktuálna knižnica | Dátum nadobudnutia | Total checkouts | Čiarový kód exemplára | Date last seen | Typ exemplára |
|---|---|---|---|---|---|---|---|---|---|---|
| Dar | Obecná knižnica Horná Štubňa | Obecná knižnica Horná Štubňa | 26.01.2026 | 4736200568 | 26.01.2026 | Krásna literatúra pre dospelých |
